Child labor and severe functioning difficulties and disability in Mexican children and adolescents 5-17 years of age/
El artículo tiene como objetivo describir la población mexicana de 5 a 17 años con problemas severos de funcionamiento y discapacidad, y explorar su realización de trabajo infantil. Para esto se basa en la Encuesta Nacional de Niños, Niñas y Mujeres 2015, donde se estimaron prevalencias de problemas...
Đã lưu trong:
| Tác giả chính: | |
|---|---|
| Tác giả khác: | , , , , , , , , |
| Định dạng: | Sách |
| Ngôn ngữ: | English |
| Những chủ đề: | |
| Các nhãn: |
Thêm thẻ
Không có thẻ, Là người đầu tiên thẻ bản ghi này!
|
MARC
| LEADER | 00000nam a22000007a 4500 | ||
|---|---|---|---|
| 003 | cru CIDCACS/IIS | ||
| 005 | 20180519062532.0 | ||
| 007 | ta | ||
| 008 | 171116s2017 mx |||p|r|||| 00| 0 eng d | ||
| 999 | |c 40611 |d 40611 | ||
| 040 | |c cru CIDCACS/IIS | ||
| 100 | 1 | |9 4571 |a Villalobos-Hernández, Aremis | |
| 245 | 1 | |a Child labor and severe functioning difficulties and disability in Mexican children and adolescents 5-17 years of age/ |c Aremis Villalobos y otros | |
| 300 | |a página 380-388: |b tablas | ||
| 520 | |a El artículo tiene como objetivo describir la población mexicana de 5 a 17 años con problemas severos de funcionamiento y discapacidad, y explorar su realización de trabajo infantil. Para esto se basa en la Encuesta Nacional de Niños, Niñas y Mujeres 2015, donde se estimaron prevalencias de problemas de funcionamiento y discapacidad, y se exploró la relación con el trabajo infantil en un modelo de regresión logística. Entre los resultados se encontró que el 11.2% de los mexicanos de 5 a 17 años tiene dificultades severas de funcionamiento o discapacidad y 13,4% realiza trabajo infantil. Los ámbitos con la mayor prevalencia fueron ansiedad (5,4%) y depresión (1,5%) experimentadas diariamente. Niños y adolescentes con problemas severos de funcionamiento o discapacidad tienen 70% más posibilidades de realizar trabajo infantil. El rezago educativo duplica las posibilidades de realizar dicho trabajo. Se concluye que es imprescindible garantizar oportunidades educativas y respecto a los derechos de la población infantil con problemas de funcionamiento y discapacidad para lograr sus desarrollo integral. KDV/190118 | ||
| 650 | 4 | |9 3349 |a ADOLESCENTES | |
| 650 | 0 | |9 3201 |a NIÑOS | |
| 650 | 0 | |9 6432 |a DISCAPACIDAD | |
| 650 | 1 | 0 | |9 1440 |a TRABAJO DE MENORES |
| 650 | 0 | |9 6354 |a ENCUESTAS | |
| 650 | 0 | |9 6358 |a DERECHOS DEL NIÑO | |
| 650 | 0 | |9 6438 |a DEPRESIÓN EMOCIONAL | |
| 650 | 1 | 0 | |9 944 |a EDUCACION |
| 650 | 1 | 0 | |9 936 |a ANSIEDAD |
| 651 | 1 | 0 | |a MEXICO |9 3410 |
| 700 | 1 | |9 5986 |a Castro, Filipa de | |
| 700 | 1 | |9 5991 |a Rojas, Rosalba | |
| 700 | 1 | |9 5992 |a Allen-Leigh, Betania | |
| 700 | 1 | |9 5988 |a Hubert, Celia | |
| 700 | 1 | |9 5993 |a Avendaño-Badillo, Diana | |
| 700 | 1 | |9 5994 |a Romero, Martín | |
| 700 | 1 | |9 5995 |a Vázquez-García, Agustín | |
| 700 | 1 | |9 5996 |a Barrientos-Gutiérrez, Tonatiuh | |
| 700 | 1 | |9 5997 |a Lazcano-Ponce, Eduardo | |
| 773 | 0 | |0 19284 |9 1572 |a Instituto Nacional de Salud Pública (México) |d México: Instituto Nacional de Salud Pública |o 18343 |t Salud Pública de México / |x 00363634 | |
| 942 | |2 ddc |c PP | ||
